Extraordinario concierto del Orfeón Manresano / Teatro Bretón de los Herreros ; dirección: maestro Agustín Coll Herbera ; profesores auxiliares: Teresa Badía de Puig, José Ma. Descarga Obradors maestro Agustín Coll Herbera ; profesores auxiliares:
MARC
| LEADER | 00000nam a2200000Ia 4500 | ||
|---|---|---|---|
| 001 | 19573 | ||
| 008 | 160829s1960 xx 000 0 cat d | ||
| 080 | |a FU-8-64 | ||
| 100 | |a Teatro Bretón de los Herreros |9 47332 | ||
| 245 | |a Extraordinario concierto del Orfeón Manresano / Teatro Bretón de los Herreros ; dirección: |b maestro Agustín Coll Herbera ; profesores auxiliares: |b Teresa Badía de Puig, José Ma. Descarga Obradors | ||
| 260 | |a Logroño : |b Artes Gráficas L. Notario, |c 1960 | ||
| 300 | |a 1 díptic ; |c 21 cm | ||
| 590 | |a A la part inferior de la portada: Este concierto ha sido organizado con la colaboración de la Sociedad Filarmónica y el Hogar Catalán de la Rioja. | ||
| 590 | |a Prové de R-712 | ||
| 650 | |a Orfeó Manresà |9 47333 | ||
| 700 | |a Coll Herbera, Agustín |9 47334 | ||
| 700 | |a Badía de Puig, Teresa |9 47335 | ||
| 700 | 1 | |a Descarga Obradors, José Ma. |9 47336 | |
| 700 | |a Hogar Catalán de la Rioja |9 47337 | ||
| 700 | |a Orfeó Manresà |9 47333 | ||
| 901 | |a Arxiu | ||
| 942 | |n 1 | ||
| 952 | |0 0 |1 0 |4 0 |6 FU864 |7 1 |9 53821 |a Arxiu |b Arxiu |d 2016-12-01 |l 0 |o FU-8-64 |p 19573 |r 2016-12-01 00:00:00 |w 2016-12-01 |y ARXIU | ||
| 999 | |c 57687 |d 57687 | ||